000 00222 a2200109 4500
001 124104
040 _cEscola Canadense de Niteroi
245 1 0 _aQuadro Mapa Mundi
650 4 _aMapa
650 4 _aGeografia
942 _cMATP
999 _c124104
_d124104